000 01309nam a22003497a 4500
003 CHAP
005 20250912083914.0
008 971013s r 00010 d
010 _a53304
011 _a54276
035 _a58427
040 _cCHAP
082 _a632.58
_bW4
110 _aWeed Research Organization
_9121325
245 _aReport, 19 -
260 _aOxford :
_bAgricultural Research Council,
_c19 -
300 _av.
500 _aLa biblioteca tiene: 1960-64, 1965-66, 1967-68, 1978-80, 1982-83
590 _aBATCH-UPD
_b10
_c20130110
_lUCH01
_h1309
590 _aCONVERSION
_b10
_c20130109
_lUCH01
_h1329
650 1 4 _aMalas hierbas.
_969996
650 1 4 _aMalas hierbas
_xControl.
_970011
650 1 7 _aMalas hierbas
_xSemillas
_2
_970037
901 _aBK
942 _cLIBRO
949 _a632.58 W4
_bBC
_cLIBRO
_d33724000179560
_eLIBRO
_f1978-80
_h52723
_i58427
_si
949 _a632.58 W4
_bBC
_cLIBRO
_d33724000179578
_eLIBRO
_f1982-83
_h65920
_i58427
_si
949 _a632.58 W4
_bBC
_cLIBRO
_d33724000179586
_eLIBRO
_f1982-83 c.2
_i58427
_si
949 _a632.58 W4
_bBC
_cLIBRO
_d33724000179594
_eLIBRO
_f1967-68
_h41617
_i58427
_si
949 _a632.58 W4
_bBC
_cLIBRO
_d33724000179602
_eLIBRO
_f1960-64
_h41615
_i58427
_si
949 _a632.58 W4
_bBC
_cLIBRO
_d33724000179610
_eLIBRO
_f1965-66
_h41616
_i58427
_mD
_si
999 _c53304
_d53304